| 000 | 00497nam a2200193Ia 4500 | ||
|---|---|---|---|
| 003 | LK-CoDNM | ||
| 008 | 010623t1928 xxu||||| |||| 00| 1 sin d | ||
| 040 |
_aLK-CoDNM _dLK-CoDNM _eLK-CoDNM |
||
| 041 | _asin | ||
| 080 | _a104 E.13 | ||
| 100 |
_aMendis,J _eed. |
||
| 245 | _aධර්ම දීප්තිය | ||
| 246 | _aDharma Deepthiya | ||
| 260 |
_bWesleyan Mission _aWellawatta _c1928 |
||
| 300 | _b9p., 21 cm | ||
| 650 | _aChurch of London | ||
| 650 | _aHistory of Church | ||
| 942 | _cBK | ||
| 999 |
_c94478 _d94478 |
||